Normal view
MARC view
Entry Topical Term
001 - CONTROL NUMBER
- control field: 86314
003 - CONTROL NUMBER IDENTIFIER
- control field: dpl
005 - DATE AND TIME OF LATEST TRANSACTION
- control field: 20260113115820.0
008 - FIXED-LENGTH DATA ELEMENTS
- fixed length control field: 260113|| aca||aabn | a|a d
040 ## - CATALOGING SOURCE
- Original cataloging agency: dpl
- Transcribing agency: dpl
150 ## - HEADING--TOPICAL TERM
- Topical term or geographic name as entry element: हिन्दी निबंध
670 ## - SOURCE DATA FOUND
- Source citation: Work cat.: (dpl)214081: अग्रहरि, रवि पी. 86313, विज्ञान एवं प्रौद्योगिकी:, 2026
